Сульфиды нефтей Западной Сибири (на примере месторождений Томской области); Химия нефти и газа

Bibliographic Details
Parent link:Химия нефти и газа.— 2009.— С. 267-271
Main Author: Сергун В. П.
Other Authors: Мин Р. С., Гончаров И. В. Иван Васильевич
Summary:Известно, что на количество и состав сернистых соединений нефтей может влиять большое число различных факторов, отражающих природу исходного нефтематеринского вещества и его катагенез, процессы миграции нефтей в ловушку, состав и свойства пород коллектора и пластовых вод, процессы вторичного превращения нефтей в залежи и даже условия и методики выделения сернистых соединений. В этой связи, представлял интерес изучение сернистых соединений, в частности сульфидов, выделенных из нативных нефтей в условиях, исключающих вторичные превращения. Была подобрана коллекция нефтей, различающихся содержанием серы, возрастом, глубиной залегания нефтенасыщенных пластов, типом и условиями накопления нефтематеринского органического вещества.
В фонде НТБ ТПУ отсутствует
Language:Russian
Published: 2009
Subjects:
Format: Book Chapter
KOHA link:https://koha.lib.tpu.ru/cgi-bin/koha/opac-detail.pl?biblionumber=598403

MARC

LEADER 00000naa0a2200000 4500
001 598403
005 20250317093304.0
035 |a (RuTPU)RU\TPU\tpu\22036 
035 |a RU\TPU\tpu\22035 
090 |a 598403 
100 |a 20121116d2009 k||y0rusy50 ca 
101 0 |a rus 
102 |a RU 
200 1 |a Сульфиды нефтей Западной Сибири (на примере месторождений Томской области)  |f В. П. Сергун, Р. С. Мин, И. В. Гончаров 
320 |a Библиогр.: с. 271 (8 назв.) 
330 |a Известно, что на количество и состав сернистых соединений нефтей может влиять большое число различных факторов, отражающих природу исходного нефтематеринского вещества и его катагенез, процессы миграции нефтей в ловушку, состав и свойства пород коллектора и пластовых вод, процессы вторичного превращения нефтей в залежи и даже условия и методики выделения сернистых соединений. В этой связи, представлял интерес изучение сернистых соединений, в частности сульфидов, выделенных из нативных нефтей в условиях, исключающих вторичные превращения. Была подобрана коллекция нефтей, различающихся содержанием серы, возрастом, глубиной залегания нефтенасыщенных пластов, типом и условиями накопления нефтематеринского органического вещества. 
333 |a В фонде НТБ ТПУ отсутствует 
463 |t Химия нефти и газа  |o материалы VII Международной конференции, Томск, 21-26 сентября, 2009 г.  |v С. 267-271  |d 2009 
610 1 |a труды учёных ТПУ 
700 1 |a Сергун  |b В. П. 
701 1 |a Мин  |b Р. С. 
701 1 |a Гончаров  |b И. В.  |c геолог  |c профессор Томского политехнического университета, доктор геолого-минералогических наук  |f 1947-  |g Иван Васильевич  |3 (RuTPU)RU\TPU\pers\21956  |4 070  |9 9275 
801 1 |a RU  |b 63413507  |c 20121114 
801 2 |a RU  |b 63413507  |c 20121205  |g RCR 
942 |c BK